• 首页
  • 本馆介绍
  • 公告通知
  • 最新文献
  • 馆藏检索
  • 电子资源
  • 读者导购
  • 参考咨询
  • 我的图书馆
  • 登录
  • 详细信息显示
  • 放入我的书架
  • 预约/预借图书
  • 作者相关作品
  • 分类相关作品
  • 丛书相关作品
  • 出版社相关作品

书目信息

  • 表格格式
  • 工作单格式
  • 卡片格式
题名:
世界体育明星
    
 
作者: ;世界之窗编辑部 著
分册:  
出版信息: 上海   上海译文出版社  1984
页数: 267页
开本: 19cm
丛书名:
单 册:
中图分类: G811.8
科图分类:
主题词: 体育工作者--列传--世界 , 体育事业--世界
电子资源:
ISBN:
000 00697nam0 2200253 45
001 0184012314
005 20040508104029.2
010    @dCNY0.81
091    @a7188.40
100    @a19950605d1984 em y0chiy0121 ea
101 1  @achi@cmul
102    @aCN@b310000
105    @ay z 000yc
106    @ar
200 10 @a世界体育明星@Ashi jie ti yu ming xing@f世界之窗编辑部著
210    @a上海@c上海译文出版社@d1984
215    @a267页@d19cm
606    @a体育工作者@x列传@y世界
606 0  @a体育事业@x世界
690    @aG811.8
711 02 @a世界之窗编辑部@Ashi jie zhi chuang bian ji bu@4著
801  0 @aCN@b上海图书馆@c20040508
801  2 @aCN@bNLC@c20040508
905    @f2@b121629-630@dG811.8@e6
    
    世界体育明星/世界之窗编辑部著.-上海:上海译文出版社,1984
    267页;19cm
    
    
    ISBN :CNY0.81
    
●
相关链接 在E读中查询图书 在五车中查询图书 在当当中查询图书 在豆瓣中查询图书


正题名:世界体育明星     索取号:G811.8/6         预约/预借

序号 登录号 条形码 馆藏地/架位号 状态 备注
1 0121629   000298582   密集书库/ [索取号:G811.8/6] 在馆    
2 0121630   000298591   密集书库/ [索取号:G811.8/6] 在馆    
3 0121631   202078893   第一样本阅览室/ [索取号:G811.8/6] 在馆    
唐山师范学院图书馆 欢迎您!
大连网信软件有限公司© 版权所有